000 01519pam a2200409 a 4500
001 4770504
003 OSt
005 20260617120812.0
008 860826s1986 nyu b 000 0 eng c
010 _a 86022852
020 _a0866565167
020 _a9780866565165
035 _a4770504
040 _aDNLM/DLC
_cDLC
_dDLC
050 0 0 _aRC480.8
_b.P77 1986
060 _aW1 PS87 v. 2 no. 4
_aWM 420 P97537
082 0 0 _a616.89/14
_219
245 0 0 _aPsychotherapy and the memorable patient /
_cE. Mark Stern, editor, William Kir-Stimon, special editor for this issue.
260 _aNew York :
_bHaworth Press,
_cc1986.
300 _axii, 152 p. ;
_c24 cm.
336 _atext
_btxt
_2rdacontent
337 _aunmediated
_bn
_2rdamedia
338 _avolume
_bnc
_2rdacarrier
440 4 _aThe Psychotherapy patient series
500 _a"Has also been published as The Psychotherapy patient, volume 2, number 4, summer 1986"--T.p. verso.
504 _aIncludes bibliographies.
650 0 _aPsychotherapist and patient.
650 0 _aAttitude change.
650 2 _aPhysician-Patient Relations
_xpersonal narratives.
650 2 _aPsychotherapy
_xpersonal narratives.
700 1 _aStern, E. Mark,
_d1929-
700 1 _aKir-Stimon, William.
856 4 2 _3Publisher description
_uhttp://www.loc.gov/catdir/enhancements/fy0810/86022852-d.html
906 _a7
_bcbc
_corignew
_d1
_eocip
_f19
_gy-gencatlg
942 _2lcc
_cBK
999 _c266355
_d266354